Neapol a pobřeží Amalfi do kapsy : největší zajímavosti, místní doporučení
| Main Authors: | , |
|---|---|
| Other Authors: | |
| Format: | Book |
| Language: | Czech English |
| PhysicalDescription: | 160 strán fotografie, ilustrácie, mapy, plány 16 cm 1 vlepená mapa (38 x 36 cm zložená na 13 x 9 cm) |
| Published: |
Praha
Svojtka & Co.
2019
|
| ISBN: | 9788025625323 |
| Series: | Lonely Planet (Svojtka & Co.)
Do kapsy (Svojtka & Co.) |
| Subjects: |
MARC
| LEADER | 00000cam a2200000 4500 | ||
|---|---|---|---|
| 001 | vtls011904901 | ||
| 003 | SK-MaSNL | ||
| 005 | 20260302023116.0 | ||
| 008 | 191203s2019 xr abe grf 001 0dcze | ||
| 020 | |a 9788025625323 |q (brožované) | ||
| 040 | |a SNK |b slo |c SNK |e rda | ||
| 041 | 1 | |a cze |h eng | |
| 043 | |a e-it--- | ||
| 044 | |a xr |c CZ | ||
| 072 | 7 | |a 913 |x Regionálna geografia |2 konspekt | |
| 080 | |a 913:338.483.1 |2 2011 | ||
| 080 | |a 502.2:338.483.11 |2 2011 | ||
| 080 | |a (450.721) |2 2011 | ||
| 080 | |a (450) |2 2011 | ||
| 080 | |a (036)913 |2 2011 | ||
| 080 | |a 912.43:911.375 |2 2011 | ||
| 100 | 1 | |a Bonetto, Cristian |4 aut |9 340332 | |
| 240 | 1 | 0 | |a Pocket Naples & Amalfi coast |l Česky |
| 245 | 1 | 0 | |a Neapol a pobřeží Amalfi |b do kapsy : největší zajímavosti, místní doporučení |c Cristian Bonetto, Brendan Sainsbury ; překlad: Pavel Wurm |
| 246 | 3 | 0 | |a Pobřeží Amalfi |
| 246 | 1 | |i Názov v tiráži: |a Neapol a pobřeží Amalfi do kapsy | |
| 264 | 1 | |a Praha |b Svojtka & Co. |c 2019 | |
| 300 | |a 160 strán |b fotografie, ilustrácie, mapy, plány |c 16 cm |e 1 vlepená mapa (38 x 36 cm zložená na 13 x 9 cm) | ||
| 336 | |a text |b txt |2 rdacontent | ||
| 336 | |a kartografický obraz |b cri |2 rdacontent | ||
| 337 | |a bez média |b n |2 rdamedia | ||
| 338 | |a zväzok |b nc |2 rdacarrier | ||
| 338 | |a list |2 nb |2 rdacarrier | ||
| 490 | 1 | |a Do kapsy | |
| 490 | 1 | |a Lonely Planet | |
| 500 | |a Preložené z angličtiny | ||
| 500 | |a Obsahuje biografické a profesijné údaje o autoroch | ||
| 500 | |a V tiráži uvedené: 1. edice (2019) | ||
| 504 | |a Obsahuje register na strane 156-159 | ||
| 650 | 0 | 7 | |a turistické zaujímavosti |2 SNKPH |9 73869 |
| 650 | 0 | 7 | |a prírodné zaujímavosti |2 SNKPH |9 67558 |
| 650 | 0 | 7 | |a turistické trasy |2 SNKPH |9 72845 |
| 650 | 0 | 7 | |a Tourist sights |2 SNKPHeng |9 296885 |
| 650 | 0 | 7 | |a Natural sights |2 SNKPHeng |9 276256 |
| 650 | 0 | 7 | |a Tourist trails |2 SNKPHeng |9 303449 |
| 651 | 7 | |a Neapol (Taliansko) |2 SNKPHgeo |9 22409 | |
| 651 | 7 | |a Amalfi (Taliansko) |2 SNKPHgeo |9 114099 | |
| 651 | 7 | |a Naples (Italy) |2 SNKPHeng |9 431661 | |
| 651 | 7 | |a Amalfi (Italy) |2 SNKPHeng |9 431663 | |
| 655 | 7 | |a turistickí sprievodcovia (publikácie) |2 SNKPH |9 191298 | |
| 655 | 7 | |a plány miest |2 SNKPH |9 70536 | |
| 655 | 7 | |a Tourist guidebooks |2 SNKPHeng |9 291226 | |
| 655 | 7 | |a City maps |2 SNKPHeng |9 303265 | |
| 700 | 1 | |a Sainsbury, Brendan |4 aut |9 348076 | |
| 700 | 1 | |a Wurm, Pavel |4 trl |9 315673 | |
| 830 | 0 | |a Lonely Planet (Svojtka & Co.) |9 372832 | |
| 830 | 0 | |a Do kapsy (Svojtka & Co.) |9 372833 | |
| 852 | |a Štátna vedecká knižnica v Banskej Bystrici | ||
| 919 | |a 978-80-256-2532-3 | ||
| 958 | |a NB | ||
| 958 | |a OP | ||
| 968 | |b ENG | ||
| 999 | |c 1035366 |d 1037296 | ||
| 952 | |t snkNEA 908(036) |a SNKUST |b SNKUST |y PREZ |7 0 |p 17A1428119 |o snkID 101901 |i snk2020/13389 |8 4 |g 29.61 |3 Dokument obsahuje prílohu - 1 mapu |0 0 |1 0 |4 0 |d 2019-12-03 |l 0 |r 2025-05-28 00:00:00 |w 2026-02-24 | ||
| 952 | |t snkNEA 908(036)/príl. |a SNKUST |b SNKUST |y PREZ |7 0 |p 17A1428125 |o snkID 101901/príl. |i snk2020/13389 |8 4 |z Príloha: 1 vlepená mapa (38 x 36 cm zložená na 13 x 9 cm) |0 0 |1 0 |4 0 |d 2019-12-03 |l 0 |r 2025-05-28 00:00:00 |w 2026-02-24 | ||


